000 00603nam a2200229Ia 4500
003 OSt
005 20220918173729.0
006 a|||||r|||| 00| 0
007 ta
008 220917b |||||||| |||| 00| 0 eng d
024 _a8,071
037 _cTextual
040 _aARTS
_cARTS
_beng
041 _2eng
_aeng
082 _a81-53:N3, 122H6 906
110 _aBottin First world
_947189
245 0 _aBottin dela france d' outre-mer v.149, 1946
260 _c1942
700 _aBottin First world
_947190
942 _h81-53:N3, 122H6 906
_cTEXL
_2CC
999 _c149862
_d149862